000 01189nam a2200301 i 4500
001 bg
100 1 _aPonczek, Mirosław
_d(1947- )
245 1 0 _aKultura fizyczna a Kościół rzymskokatolicki :
_bantyk - XX wiek : wybór materiałów uzupełniających do ćwiczeń i seminariów z historii kultury fizycznej /
_cMirosław Ponczek ; Politechnika Częstochowska.
260 _aCzęstochowa :
_bWydawnictwa PC,
_c2004.
300 _a85 s. :
_bil. ;
_c24 cm.
500 _aStreszcz. ang.
504 _aBibliogr. s. 65-68.
650 9 _aKatolicyzm
_xorganizacje
_zPolska
_y20 w.
650 9 _aKościół katolicki
_xa wychowanie fizyczne i kultura fizyczna
650 9 _aMłodzież
_xorganizacje
_zPolska
_y20 w.
650 9 _aSport
_xorganizacje
_zPolska
_y20 w.
650 9 _aWychowanie fizyczne i kultura fizyczna
_xa katolicyzm
650 9 _aWychowanie fizyczne i kultura fizyczna
_xorganizacje
_zPolska
_y20 w.
655 _aPodręczniki akademickie
015 _aPB 8130/2005
020 _a8371932294
040 _cBPK
041 0 _apol
_beng
080 _a796:261:329.78](438)"19"(075.8)
920 _a83-7193-229-4
942 _cKS
008 s pl f |000 0 pol
999 _c46885
_d46885
856 _uhttp://koha.tu.koszalin.pl/cgi-bin/koha/opac-detail.pl?biblionumber=46885
_yKatalog online BPK